000 00954nam a2200217Ia 4500
003 OSt
005 20251209153120.0
007 ca aa aaaaa
008 201103s9999 xx 000 0 und d
040 _cSSBUL
041 _abur
082 _223
_a၂၉၄.၃၄၃၅၀၉ နေ
_b၉၂၄၈ S-SAT
100 0 _aနေမျိုးကျော်ထင်။
245 1 0 _aဗုဒ္ဓတထောင်စေတီတော်သမိုင်း /
_cနေမျိုးကျော်ထင်။
260 _aရန်ကုန် ၊
_bနေလင်းပိဋကတ်ပုံနှိပ်တိုက်၊
_c၁၉၈၄။
300 _aဇ၊ ၉၆ စာမျက်နှာ ၊
_c၁၈ စင်တီ။
500 _aS-SAT: Dr. Sai Aung Tun
650 _aဘုရားသမိုင်း
650 _aဗုဒ္ဓတထောင်စေတီတေ်
_vသမိုင်း
_954996
942 _2ddc
_cBK1
999 _c16769
_d16769